KOHA-Header-6

A Man Called Ove (Record no. 2390)

000 -LEADER
fixed length control field 00284nam a2200121Ia 4500
008 - FIXED-LENGTH DATA ELEMENTS--GENERAL INFORMATION
fixed length control field 190802s9999 xx 000 0 und d
020 ## - INTERNATIONAL STANDARD BOOK NUMBER
International Standard Book Number 978-1-444-77581-5
100 ## - MAIN ENTRY--PERSONAL NAME
Personal name Fredrik Backman
245 #2 - TITLE STATEMENT
Title A Man Called Ove
260 ## - PUBLICATION, DISTRIBUTION, ETC. (IMPRINT)
Place of publication, distribution, etc London
Name of publisher, distributor, etc Sceptre
Date of publication, distribution, etc 2015
300 ## - PHYSICAL DESCRIPTION
Extent 295:p
942 ## - ADDED ENTRY ELEMENTS (KOHA)
Koha item type Books
Holdings
Withdrawn status Lost status Source of classification or shelving scheme Damaged status Not for loan Collection code Permanent Location Current Location Shelving location Date acquired Total Checkouts Total Renewals Full call number Barcode Date last seen Date checked out Price effective from Koha item type
            MAJU MAJU Shelf No.A23 2019-12-28 4 3 839.73 9013 2024-12-23 2024-12-17 2019-08-03 English Literature

Powered by Koha